[Event "Shirov-Sveshnikov Rapid m"]
[Site "Riga LAT"]
[Date "2014.09.26"]
[Round "1"]
[White "Sveshnikov, Evgeny"]
[Black "Shirov, Alexei"]
[Result "0-1"]
[WhiteTitle "GM"]
[BlackTitle "GM"]
[WhiteElo "2502"]
[BlackElo "2701"]
[WhiteFideId "4100638"]
[BlackFideId "2209390"]
[EventDate "2014.09.26"]

1. e4 c5 2. b3 Nc6 3. Bb2 e5 4. Bc4 Nf6 5. Nc3 Nxe4 6. Nxe4 d5 7. Bd3 dxe4 8.
Bxe4 Bd6 9. Qh5 h6 10. Bxc6+ bxc6 11. Bxe5 O-O 12. Bxd6 Re8+ 13. Ne2 Qxd6 14.
O-O-O c4 15. Nc3 Qa3+ 16. Kb1 Be6 17. Rhe1 Rab8 18. Ka1 cxb3 19. cxb3 Bxb3 20.
Rxe8+ Rxe8 21. Rh1 Bc2 22. Nb1 Qb4 23. a3 Qb6 24. Qh4 Be4 25. Nc3 Rb8 26. Na4
Qd4+ 0-1

[Event "Shirov-Sveshnikov Rapid m"]
[Site "Riga LAT"]
[Date "2014.09.26"]
[Round "2"]
[White "Shirov, Alexei"]
[Black "Sveshnikov, Evgeny"]
[Result "1-0"]
[WhiteTitle "GM"]
[BlackTitle "GM"]
[WhiteElo "2701"]
[BlackElo "2502"]
[WhiteFideId "2209390"]
[BlackFideId "4100638"]
[EventDate "2014.09.26"]

1. e4 c5 2. Nf3 Nc6 3. d4 cxd4 4. Nxd4 e5 5. Nb5 d6 6. N1c3 a6 7. Na3 b5 8. Nd5
Nf6 9. c4 b4 10. Nxf6+ Qxf6 11. Nc2 Qg6 12. Qd5 Bd7 13. h4 h5 14. Rh3 Rc8 15.
Rg3 Qh7 16. Bg5 Be6 17. Qd3 Be7 18. O-O-O f6 19. Bd2 a5 20. Ne3 Nd4 21. Nd5 Bxd5
22. exd5 f5 23. f4 O-O 24. fxe5 dxe5 25. Bg5 Bc5 26. Re3 e4 27. Qd2 f4 28. Ree1
Qf5 29. d6 b3 30. a3 e3 31. Qd3 Bxd6 32. Qxf5 Nxf5 33. Rd5 Rc5 34. Red1 Rxd5 35.
Rxd5 Ng3 36. Bd3 Bc7 37. c5 f3 38. gxf3 Rxf3 39. Rd7 Bf4 40. Bxf4 Rxf4 41. c6
Rxh4 42. Ba6 e2 43. Kd2 1-0

[Event "Shirov-Sveshnikov Rapid m"]
[Site "Riga LAT"]
[Date "2014.09.27"]
[Round "3"]
[White "Sveshnikov, Evgeny"]
[Black "Shirov, Alexei"]
[Result "1/2-1/2"]
[WhiteTitle "GM"]
[BlackTitle "GM"]
[WhiteElo "2502"]
[BlackElo "2701"]
[WhiteFideId "4100638"]
[BlackFideId "2209390"]
[EventDate "2014.09.26"]

1. e4 c5 2. c3 Nf6 3. e5 Nd5 4. Nf3 Nc6 5. d4 cxd4 6. cxd4 d6 7. Bc4 Nb6 8. Bb5
dxe5 9. Nxe5 Bd7 10. Nxd7 Qxd7 11. Nc3 e6 12. O-O Rd8 13. Qf3 Be7 14. Be3 O-O
15. Rac1 Nxd4 16. Bxd4 Qxd4 17. Qxb7 Bc5 18. a3 Rb8 19. Qc6 Rfc8 20. Qf3 Qf6 21.
Qxf6 gxf6 22. Ba6 Rd8 23. Nb5 Nd7 24. b4 Bb6 25. a4 Ne5 26. a5 Bd4 27. Rc7 Rd5
28. Nxd4 Rxd4 29. b5 Ra4 30. f4 Ng4 31. Rd1 Rxa5 32. h3 Nh6 33. Rdd7 Ra4 34. f5
exf5 35. Rxa7 f4 36. Rac7 Kg7 37. Bb7 Rb4 38. Bc6 Kg6 39. Re7 Rd8 40. Rcd7 Rxd7
41. Rxd7 Nf5 42. Kf2 Nd4 43. Rb7 Rb2+ 44. Kf1 Rb1+ 45. Kf2 Rb2+ 46. Kf1 1/2-1/2

[Event "Shirov-Sveshnikov Rapid m"]
[Site "Riga LAT"]
[Date "2014.09.27"]
[Round "4"]
[White "Shirov, Alexei"]
[Black "Sveshnikov, Evgeny"]
[Result "1-0"]
[WhiteTitle "GM"]
[BlackTitle "GM"]
[WhiteElo "2701"]
[BlackElo "2502"]
[WhiteFideId "2209390"]
[BlackFideId "4100638"]
[EventDate "2014.09.26"]

1. e4 c5 2. Nf3 Nc6 3. d4 cxd4 4. Nxd4 e5 5. Nb5 d6 6. N1c3 a6 7. Na3 b5 8. Nd5
Nf6 9. Bg5 Be7 10. Bxf6 Bxf6 11. c4 b4 12. Nc2 Rb8 13. Be2 O-O 14. O-O Bg5 15.
Bg4 Be6 16. b3 a5 17. Bxe6 fxe6 18. Nde3 Bxe3 19. Nxe3 Nd4 20. Nc2 Qb6 21. Qd3
Rbd8 22. Rad1 Nc6 23. Rd2 Qc5 24. Rfd1 Nb8 25. Qh3 Rfe8 26. Ne1 Qc7 27. Nf3 h6
28. Qh5 Rf8 29. Qg4 Rfe8 30. Qg6 Nc6 31. c5 dxc5 32. Rd7 Re7 33. Rxd8+ Nxd8 34.
Nxe5 Nf7 35. Nxf7 Rxf7 36. Qxe6 Qf4 37. f3 Kh7 38. Qc4 Qe3+ 39. Kf1 Rf4 40. Qc1
Qxe4 41. Qxc5 Rf5 42. Qd4 Qxd4 43. Rxd4 Rc5 44. Ke2 Rc1 45. Rd5 Rc2+ 46. Rd2 Rc1
47. Kd3 Rc3+ 48. Ke4 Rc1 49. g4 g5 50. Rd7+ Kg6 51. Rd6+ Kg7 52. Ra6 Rc5 53. h3
Kh7 54. f4 gxf4 55. Kxf4 Kg7 56. h4 Kh7 57. Ra7+ Kg8 58. g5 h5 59. g6 Rd5 60.
Re7 Rd2 61. Kg5 Rxa2 62. Kh6 Kf8 63. Ra7 1-0

[Event "Shirov-Sveshnikov Rapid m"]
[Site "Riga LAT"]
[Date "2014.09.28"]
[Round "5"]
[White "Sveshnikov, Evgeny"]
[Black "Shirov, Alexei"]
[Result "0-1"]
[WhiteTitle "GM"]
[BlackTitle "GM"]
[WhiteElo "2502"]
[BlackElo "2701"]
[WhiteFideId "4100638"]
[BlackFideId "2209390"]
[EventDate "2014.09.26"]

1. e4 c5 2. c3 Nf6 3. e5 Nd5 4. Nf3 Nc6 5. d4 cxd4 6. cxd4 d6 7. Bc4 Nb6 8. Bb5
dxe5 9. Nxe5 Bd7 10. a4 Nxe5 11. dxe5 e6 12. O-O a6 13. Bxd7+ Nxd7 14. Bf4 g5
15. Be3 Nxe5 16. Qh5 Qf6 17. Nc3 Be7 18. f4 Nc4 19. Ne4 Qg7 20. Qe2 Nxe3 21.
Qxe3 gxf4 22. Rxf4 O-O 23. Raf1 f5 24. Ng3 Qf6 25. Re1 Rae8 26. Qb3 Kh8 27. Qxb7
Bd6 28. Rc4 Rg8 29. Nh5 Qg5 30. Qf3 Rc8 31. Rxc8 Rxc8 32. g3 e5 33. Qd5 Bc5+ 34.
Kh1 Bd4 35. Qd7 Rd8 36. Qf7 Qg6 37. Qf6+ Qxf6 38. Nxf6 Kg7 39. Nh5+ Kg6 40. g4
fxg4 41. Ng3 Bxb2 42. Ne4 Rd4 43. a5 Ra4 44. Kg2 Rxa5 45. h3 gxh3+ 46. Kxh3 Bd4
47. Rc1 Ra3+ 0-1

[Event "Shirov-Sveshnikov Rapid m"]
[Site "Riga LAT"]
[Date "2014.09.28"]
[Round "6"]
[White "Shirov, Alexei"]
[Black "Sveshnikov, Evgeny"]
[Result "1-0"]
[WhiteTitle "GM"]
[BlackTitle "GM"]
[WhiteElo "2701"]
[BlackElo "2502"]
[WhiteFideId "2209390"]
[BlackFideId "4100638"]
[EventDate "2014.09.26"]

1. e4 c5 2. Nf3 Nc6 3. d4 cxd4 4. Nxd4 e5 5. Nb5 d6 6. N1c3 a6 7. Na3 b5 8. Nd5
Nf6 9. c4 b4 10. Nxf6+ Qxf6 11. Nc2 Qg6 12. Ne3 Be7 13. g3 Nd4 14. Bg2 h5 15.
Nf5 Bxf5 16. exf5 Qxf5 17. Bxa8 Nc2+ 18. Ke2 Nxa1 19. Qd3 Qxd3+ 20. Kxd3 O-O 21.
Bd5 b3 22. Bd2 Nc2 23. axb3 Nd4 24. b4 Rb8 25. Ra1 Nb3 26. Rxa6 e4+ 27. Bxe4
Nxd2 28. Kxd2 d5 29. Bxd5 Bxb4+ 30. Kc2 Bc5 31. Rc6 Bxf2 32. Rc7 Bg1 33. Rxf7
Kh7 34. h3 Bd4 35. b3 Kg6 36. Rf4 Bf6 37. c5 Kh6 38. Rxf6+ gxf6 39. c6 Kg5 40.
Be6 Rb5 41. Kd3 Rb6 42. Bd5 Rb8 43. Kd4 Kf5 44. g4+ hxg4 45. hxg4+ Kf4 46. Be6
Kg5 1-0